000 01112nam a2200265 a 4500
001 000026511
005 20200930030248.0
008 110322s1969 sp r 000 0 spa d
040 _aDO-SdBNP
_bspa
_cBNPHU
041 1 7 _aspa
_hfre
_2Código de idioma MARC
082 _axxx
_bM231e
100 1 _aMaisson, Marcel,
_953587
240 1 0 _aL'etude du marche et de la promotion des ventes.
_lEspañol.
245 1 0 _aEstudios de mercados y promoción de ventas /
_cMarcel Moisson ; traducido por Dagoberto Azurza.
260 _aBilbao, (España) :
_bDeusto,
_c1969.
300 _a133 p. :
_bil. ;
_c22 cm.
490 1 _aManuales prácticos de gestión de empresas
_aD
_v2
500 _aIncluye notas al pie de las páginas
504 _aIncluye referencias bibliográficas.
505 0 _aEstudio del mercado de una empresa -- La promoción de ventas -- Estudio y creación de una red comercial
534 _aTítulo original:
_tL'etude du marche et de la promotion des ventes.
700 1 _aAzurza, Dagoberto
_etr.
_953588
830 0 _aManuales prácticos de gestión de empresas ;
_pD
_v2
_953589
049 _aBNGR
999 _c26003
_d26003